000 00848cam a2200253 i 4500
003 EG-ScBUE
005 20260119100702.0
008 150813s1997 ii a f b 001 0 eng d
020 _a8120300599
040 _aEG-ScBUE
_beng
_erda
_cEG-ScBUE
_dEG-ScBUE
082 0 4 _a551.8
_bBIL
_222
100 1 _aBillings, Marland P.,
_eauthor.
245 1 0 _aStructural geology /
_cMarland P. Billings, professor of geology, Harward University.
250 _aThird edition.
264 1 _aNew Delhi :
_bPrentice Hall of India,
_c1997.
300 _axv, 606 pages :
_billustrations ;
_c24 cm
336 _2rdacontent
_atext
_btxt
337 _aunmediated
_2rdamedia
_bn
338 _avolume
_bnc
_2rdacarrier
504 _aIncludes bibliographical references and index.
650 7 _aGeology, Structural.
_2BUEsh
655 _vReading book
942 _cBB
_2ddc
999 _c1351
_d1351